| 000 | 00380nam a2200145Ia 4500 | ||
|---|---|---|---|
| 008 | 230917s9999||||xx |||||||||||||| ||und|| | ||
| 040 |
_e125558 _aMAIN |
||
| 041 | _aEnglish | ||
| 082 | _a823.09 M691P | ||
| 100 | _aDodiya, Jaydipsinh | ||
| 245 | 0 | _aPerspectives on the novels of Rohinton Mistry | |
| 260 |
_aNew Delhi _bSarup and sons _c2006 |
||
| 300 | _a105p p. | ||
| 942 | _cBK | ||
| 999 |
_c148069 _d148069 |
||